LEADER 01013nam0-22003491i-450- 001 990007946680403321 005 20080410124807.0 010 $a88-430-2455-8 035 $a000794668 035 $aFED01000794668 035 $a(Aleph)000794668FED01 035 $a000794668 100 $a20041110d2002----km-y0itay50------ba 101 0 $aita 102 $aIT 105 $aa---a---001yy 200 1 $aPedagogia ospedaliera$el'operatore sanitario e l'assistenza al malato$fSilvia Kanizsa 205 $a7. rist. 210 $aRoma$cCarocci$d2002 215 $a154 p.$cill.$d22 cm 225 1 $aUniversità$iPedagogia$v437 610 0 $aPedagogia$aManuali per operatori sanitari 610 0 $aPsicologia$aManuali per operatori sanitari 676 $a610.73 700 1$aKanizsa,$bSilvia$f<1945- >$0386030 801 0$aIT$bUNINA$gRICA$2UNIMARC 901 $aBK 912 $a990007946680403321 952 $aP.1 PEP 261$fFLFBC 959 $aFLFBC 996 $aPedagogia ospedaliera$9749148 997 $aUNINA LEADER 01447nam0-22003851i-450- 001 990007041360403321 005 20120319134206.0 010 $a88-209-1633-9 035 $a000704136 035 $aFED01000704136 035 $a(Aleph)000704136FED01 035 $a000704136 100 $a20020205d1989----km-y0itay50------ba 101 0 $aita 102 $aVA 105 $ay-------101yy 200 1 $a"Lex et iustitia" nell'Utrumque Ius$eradici antiche e prospettive attuali$eatti del VII colloquio internazionale romanistico-canonistico (12-14 maggio 1989)$fa cura di A. Ciani, G. Diurni$gindici a cura di M. Cerni 210 $aRoma$cLibreria Editrice Vaticana$cLibreria Editrice Lateranense$d1989 215 $aXXIII, 562 p.$d25 cm 225 1 $a"Utrumque Ius"$eCollectio Pontificiae Universitatis Lateranensis$v20 676 $a340.01$v20$zit 702 1$aCerni,$bM. 702 1$aCiani,$bAmerico 702 1$aDiurni,$bGiovanni 710 12$aColloquio internazionale romanistico canonistico$cIstituto Utriusque Juris della Pontificia Università Lateranense$d7.$f1990$0413257 712 02$aPontificia Università Lateranense$bIstituto Utriusque Juris 801 0$aIT$bUNINA$gRICA$2UNIMARC 901 $aBK 912 $a990007041360403321 952 $aCongr. 1216$b6600 ddr$fDDR 952 $aIII OO 44$b239$fDCEC 959 $aDDR 959 $aDCEC 996 $a"Lex et iustitia" nell'Utrumque Ius$9707638 997 $aUNINA LEADER 01548nam--2200469---450- 001 990002009480203316 005 20080108142939.0 010 $a0-19-814099-1 035 $a000200948 035 $aUSA01000200948 035 $a(ALEPH)000200948USA01 035 $a000200948 100 $a20040915d2004----km-y0enga50------ba 101 0 $aeng 102 $aGB 105 $ay|||z|||001yy 200 1 $a<> inventory of archaic and classical Poleis$ean investigation conducted by the Copenhagen Polis Centre for the Danish National Research Foundation$fMogens Herman Hansen and Thomas Heine Nielsen 210 $aOxford$cOxford University Press$d2004 215 $aXV, 1396 p.$d25 cm 410 0$12001 454 1 $12001 461 1$1001------$12001 606 0 $aPolis 676 $a938 700 1$aHANSEN,$bMogens Herman$0154598 701 1$aHEINE NIELSEN,$bThomas$0265951 801 0$aIT$bsalbc$gISBD 912 $a990002009480203316 951 $aIX.3. 490(938 HAN)$b177038 L.M.$c938$d00139941 951 $aI ST HANS 1$b6812 DBC$cI ST 959 $aBK 969 $aUMA 969 $aDBC 979 $aACQUISTI$b10$c20040915$lUSA01$h0956 979 $aPECORARO$b90$c20050826$lUSA01$h0959 979 $aPECORARO$b90$c20050826$lUSA01$h1003 979 $aCOPAT4$b90$c20060119$lUSA01$h1539 979 $aCOPAT4$b90$c20060119$lUSA01$h1539 979 $aCOPAT6$b90$c20070404$lUSA01$h1400 979 $aDBC$b90$c20080108$lUSA01$h1429 996 $aInventory of archaic and classical Poleis$91046461 997 $aUNISA